00642nam a2200169 a 4500003000200000005001700002008004100019050002900060100002900089245006600118260009000184300004000274504004100314650004600355650003200401650003900433020250320144445.0080925s19uu xx 00 eng d aPHS HQ 759.4b.Ok41 2008 aOkawa, Kristine Marie A. aTeenage pregnancy and self-esteem /cKristine Marie A. Okawa. aLas Piñas City, Philippines :bSouthville International School and Colleges,c2008. a33 pages :billustrations ;c28 cm. aIncludes bibliographical references. aTeenage pregnancyxPsychological aspects. aSelf-esteem in adolescence. aPregnant teenagersxMental health.